G1京哈高速公路途经的地级和县级行政区 - Statistics

General Stats
  • This quiz has been taken 49 times
  • The average score is 42 of 58
Answer Stats
答案 % Correct
朝阳区
98%
朝阳区
98%
廊坊市
98%
唐山市
98%
秦皇岛市
98%
葫芦岛市
98%
锦州市
98%
盘锦市
98%
沈阳市
98%
四平市
98%
铁岭县
95%
铁岭市
95%
长春市
95%
哈尔滨市
95%
山海关区
91%
通州区
88%
鞍山市
88%
松原市
84%
铁西区
81%
香河县
79%
公主岭市
79%
绥中县
72%
铁东区
72%
宝坻区
70%
辽中区
70%
宽城区
70%
双城区
70%
昌图县
67%
德惠市
67%
扶余市
67%
南岗区
67%
兴城市
65%
皇姑区
65%
开原市
65%
香坊区
65%
海港区
63%
二道区
63%
平房区
63%
丰润区
60%
抚宁区
60%
凌海市
60%
台安县
60%
银州区
60%
玉田县
58%
滦州市
58%
迁安市
58%
卢龙县
58%
沈北新区
58%
大东区
58%
梨树县
58%
南关区
58%
盘山县
56%
于洪区
53%
开平区
49%
连山区
49%
南票区
49%
太和区
49%
新民市
47%
No matching quizzes found
Score Distribution
Percent of People with Each Score
Percentile by Number Answered
Your Score History
You have not taken this quiz